000 00292nam a22001337a 4500
020 _a978-93-80097-63-3
041 _aENG
100 _aYadav.K.S
245 _aWorkshop Technology -II
260 _aNew Delhi
_bVayu Education
_c2009
300 _a282
650 _aFMP
856 _uFMP ( 17 )
999 _c1397
_d1397